<?xml version="1.0" encoding="UTF-8"?>
<collection xmlns="http://www.loc.gov/MARC21/slim">
 <record>
  <leader>00939nam a22002291  4500</leader>
  <controlfield tag="001">1/17884</controlfield>
  <controlfield tag="008">011008s1974    enk             1   eng d</controlfield>
  <datafield tag="020" ind1=" " ind2=" ">
   <subfield code="a">0306308894</subfield>
  </datafield>
  <datafield tag="035" ind1=" " ind2=" ">
   <subfield code="l">18410</subfield>
  </datafield>
  <datafield tag="040" ind1=" " ind2=" ">
   <subfield code="a">DLC</subfield>
   <subfield code="b">GR-PeUP</subfield>
  </datafield>
  <datafield tag="082" ind1="0" ind2="0">
   <subfield code="a">355.5'028 MI</subfield>
  </datafield>
  <datafield tag="111" ind1="2" ind2=" ">
   <subfield code="a">Conference on Modeling Land Battle Systems for Military Planning</subfield>
   <subfield code="n">(Ottobrunn, Germany, 1974)</subfield>
  </datafield>
  <datafield tag="245" ind1="1" ind2="0">
   <subfield code="a">Military strategy and tactics:</subfield>
   <subfield code="b">computer modeling of land war problems /</subfield>
   <subfield code="c">ed. by Reiner K. Huber, Lynn F. Jones and Egil Reine</subfield>
  </datafield>
  <datafield tag="260" ind1=" " ind2=" ">
   <subfield code="a">New York:</subfield>
   <subfield code="b">Plenum Press,</subfield>
   <subfield code="c">1975</subfield>
  </datafield>
  <datafield tag="300" ind1=" " ind2=" ">
   <subfield code="a">ix, 368 p.:</subfield>
   <subfield code="b">ill.;</subfield>
   <subfield code="c">26 cm.</subfield>
  </datafield>
  <datafield tag="504" ind1=" " ind2=" ">
   <subfield code="a">Includes bibliographical references and indexes</subfield>
  </datafield>
  <datafield tag="650" ind1=" " ind2="4">
   <subfield code="a">War games</subfield>
   <subfield code="x">Data processing</subfield>
   <subfield code="x">Congresses.</subfield>
  </datafield>
  <datafield tag="650" ind1=" " ind2="4">
   <subfield code="a">Military art and science</subfield>
   <subfield code="x">Data processing</subfield>
   <subfield code="x">Congresses.</subfield>
  </datafield>
  <datafield tag="700" ind1="1" ind2=" ">
   <subfield code="a">Huber, Rainer K.</subfield>
   <subfield code="e">ed.</subfield>
  </datafield>
  <datafield tag="700" ind1="1" ind2=" ">
   <subfield code="a">Jones, Lynn F.</subfield>
   <subfield code="e">ed.</subfield>
  </datafield>
  <datafield tag="700" ind1="1" ind2=" ">
   <subfield code="a">Reine, Egil,</subfield>
   <subfield code="e">ed.</subfield>
  </datafield>
  <datafield tag="852" ind1=" " ind2=" ">
   <subfield code="a">INST</subfield>
   <subfield code="b">UNIPILB</subfield>
   <subfield code="c">MAIN</subfield>
   <subfield code="e">20040709</subfield>
   <subfield code="h">355.5'028 MI</subfield>
   <subfield code="p">00137177</subfield>
   <subfield code="q">00137177</subfield>
   <subfield code="t">LOAN</subfield>
   <subfield code="y">0</subfield>
   <subfield code="4">1</subfield>
  </datafield>
 </record>
</collection>
